LEADER 01194nam a2200289 a 4500 001 000000133200 003 CaOOAMICUS 005 20130315094530.0 008 130315s2007 enk u000 u eng r 020 $z978-07456-3999-4* 040 $aPUL$bita 082 04$a297 100 1 $aZeitlin, Irving M.$0(OLS)http://pul/name/85843 245 14$aThe historical Muhammad /$cIrving M. Zeitlin. 260 $aCambridge, UK ; Malden, MA :$bPolity press,$c©2007. 300 $aviii, 181 p. ;$c23 cm. 504 $aInclude riferimenti bibliografici (p. [170]-174) ed indice. 600 04$aMuhammad,$cil Profeta$xBiografia.$0(OLS)http://pul/subject/22976 650 4$aIslamismo$xStoria.$0(OLS)http://pul/subject/24633 850 $aPUL 852 $aPUL$W1$xSL Religione 3$y85$m297 ZEIIR 1$j153138$qDDC 21$B152634$CPULBib$Z2$F152634 $H121975 $82 941 1 $a9 996 $6020$z978-07456-3999-4*$9(OLS)http://pul/number/152173 996 $6082$a297$9(OLS)http://pul/classification/742 996 $6245$aThe historical Muhammad$9(OLS)http://pul/title/168314 996 $6260$aCambridge, UK ; Malden, MA :$bPolity press$9(OLS)http://pul/publisher/78639 LEADER 00933nam a2200241 a 4500 001 000000151399 003 CaOOAMICUS 005 20160426150627.0 008 160426s1916 it 000 u ita r 032 $aLibriCat 040 $aPUL$bita 100 1 $aLongo, Michele.$0(OLS)http://pul/name/54087 245 10$aBenedetto Spinoza /$cMichele Longo. 260 $aMilano :$bFratelli Bocca,$c1916. 300 $a173 p. ;$c21 cm. 504 $aBibliografia in nota a pič pagina. 600 14$aSpinoza, Benedictus de,$d1632-1677$xCritica e interpretazione.$0(OLS)http://pul/subject/2306 850 $aPUL 852 $aPUL$W1$xDP1 Cons. Gen., Altre Classi 1$y22$m921 F 34$j173945$qStampati$B176380$CPULBib$Z2$F176380 $H14978 $81 941 1 $a8 996 $6245$aBenedetto Spinoza$9(OLS)http://pul/title/190645 996 $6260$aMilano :$bFratelli Bocca$9(OLS)http://pul/publisher/49904